| 000 | 00621nam a2200229Ia 4500 | ||
|---|---|---|---|
| 003 | OSt | ||
| 005 | 20230523141424.0 | ||
| 008 | 210423s2016 xx 000 0 und d | ||
| 020 | _a978-0-143-42829-9 | ||
| 040 | _cAL | ||
| 041 | _aeng | ||
| 082 | _a398.2 PATO | ||
| 100 |
_aPATTANAIK (Devdutt) _9111314 |
||
| 245 | _aOlympus: an Indian retelling of the Greek myths | ||
| 260 |
_aHaryana _bPenguin Books Ltd _c2016 |
||
| 300 |
_axxi,265 _bPB |
||
| 365 |
_b499 _cINR |
||
| 650 |
_aCustoms _9111315 |
||
| 650 |
_aFolklore _9111316 |
||
| 906 | _aan ; Greek ; Indian ; myths ; Olympus: ; retelling | ||
| 942 |
_2ddc _cBK |
||
| 999 |
_c167946 _d167946 |
||